The Best Rapper Alive, Each Year - Statistics

General Stats
  • This quiz has been taken 2,700 times
    2,442 since last reset
  • The average score is 20 of 44
Answer Stats
Year Rapper % Correct
2011 Drake
90%
2012 Drake
90%
2015 Drake
90%
1996 2Pac
89%
2000 Eminem
85%
2002 Eminem
85%
2013 Kendrick Lamar
84%
2017 Kendrick Lamar
84%
1995 The Notorious B.I.G.
84%
1997 The Notorious B.I.G.
84%
2007 Kanye West
81%
2010 Kanye West
81%
1999 Jay-Z
73%
2001 Jay-Z
73%
2009 Jay-Z
73%
1993 Snoop Doggy Dogg
66%
1990 Ice Cube
65%
2003 50 Cent
63%
2006 Lil Wayne
63%
2008 Lil Wayne
63%
1994 Nas
62%
2022 21 Savage
54%
2020 Lil Baby
44%
2014 Nicki Minaj
34%
2021 Tyler, the Creator
34%
2019 DaBaby
33%
1985 LL Cool J
26%
1987 Rakim
26%
1998 DMX
24%
2018 Pusha T
15%
1983 Run
14%
1984 Run
14%
2004 T.I.
13%
2016 Chance the Rapper
12%
1991 Q-Tip
11%
1989 Big Daddy Kane
10%
1986 KRS-One
9%
1988 Slick Rick
9%
1992 Redman
8%
2005 Jeezy
6%
1980 Kurtis Blow
6%
1981 Kool Moe Dee
4%
1982 Melle Mel
4%
1979 Grandmaster Caz
3%
No matching quizzes found
Score Distribution
Percent of People with Each Score
Percentile by Number Answered
Your Score History
You have not taken this quiz since the last reset